000 00251nam a22000977a 4500
008 230418b |||||||| |||| 00| 0 eng d
020 _a9781789097832
100 _aWilkes Ally
_97666
245 _aAll the White Spaces
260 _aLondon
_bTitan Books
_c2022
999 _c12260
_d12260